Estudio edafológico y agrobiológico de la huerta de Murcia. (Record no. 60872)

MARC details
000 -LEADER
campo de control de longitud fija 00880nam a2200217 i 4500
001 - NÚMERO DE CONTROL
campo de control 60872
003 - IDENTIFICADOR DE NÚMERO DE CONTROL
campo de control ES-MaACL
005 - FECHA Y HORA DE LA ÚLTIMA TRANSACCIÓN
campo de control 20230906164325.0
007 - CAMPO FIJO DE DESCRIPCIÓN FÍSICA--INFORMACIÓN GENERAL
campo de control de longitud fija t|
008 - DATOS DE LONGITUD FIJA--INFORMACIÓN GENERAL
campo de control de longitud fija 031107s1963 sp ||||1| spa d
080 ## - NÚMERO DE LA CLASIFICACIÓN DECIMAL UNIVERSAL
Número de la Clasificación Decimal Universal 631.4(460.33)
245 00 - MENCIÓN DEL TÍTULO
Título Estudio edafológico y agrobiológico de la huerta de Murcia.
260 ## - PUBLICACIÓN, DISTRIBUCIÓN, ETC.
Lugar de publicación, distribución, etc. Murcia :
Nombre del editor, distribuidor, etc. Centro de Edafología y Biología Aplicada del Segura,
Fecha de publicación, distribución, etc. 1963.
300 ## - DESCRIPCIÓN FÍSICA
Extensión 184 p., 28 lám. col. y n. :
Otras características físicas mapas col., il. ;
Dimensiones 24 cm.
594 ## - Nota al título y mención de responsabilidad
Nota al título y mención de responsabilidad Precede al tít.: Instituto de Orientación y Asistencia Técnica del Sureste.
650 #4 - PUNTO DE ACCESO ADICIONAL DE MATERIA--TÉRMINO DE MATERIA
Término de materia o nombre geográfico como elemento de entrada Agricultura-
Subdivisión geográfica Murcia (Comunidad Autónoma)
9 (RLIN) 170442
650 #4 - PUNTO DE ACCESO ADICIONAL DE MATERIA--TÉRMINO DE MATERIA
Término de materia o nombre geográfico como elemento de entrada Suelos-
Subdivisión geográfica Murcia (Comunidad Autónoma)
9 (RLIN) 170443
710 2# - ENTRADA AGREGADA--NOMBRE DE ENTIDAD CORPORATIVA
Nombre de entidad corporativa o nombre de jurisdicción como elemento de entrada Instituto de Orientación y Asistencia Técnica del Sureste.
9 (RLIN) 4991
710 2# - ENTRADA AGREGADA--NOMBRE DE ENTIDAD CORPORATIVA
Nombre de entidad corporativa o nombre de jurisdicción como elemento de entrada Centro de Edafología y Biología Aplicada del Segura.
9 (RLIN) 2609
852 4# - LOCALIZACIÓN
Ubicación ES-MaACL
Número de control de estantería C-25863
Holdings
Estatus retirado Estado de pérdida Estado de daño No para préstamo Biblioteca de origen Biblioteca actual Ubicación en estantería Fecha de adquisición Fuente de adquisición Total de préstamos Signatura topográfica completa Código de barras Visto por última vez Precio de reemplazo Tipo de ítem Koha
        Biblioteca del Ateneo de Madrid Biblioteca del Ateneo de Madrid Depósito 2 17/01/2008     C-25863 1063836 23/02/2023 23/02/2023 Libro impreso